000 00595cam a22002057a 4500
001 000614
003 armpunfd
005 20140612090615.0
008 011019e1979####xx#a##########000#0#und#d
040 _aarmpunfd
_carmpunfd
080 _a342.4(82) AR 37
100 1 0 _a Sin Autor
245 1 0 _aConstitucion de la nacion argentina
260 _a Buenos Aires
_b Easo
_c1979
300 _a62 p.
500 _acontiene : estatuto para el proceso de reorganizacion nacional. canciones patrias
650 7 _a Constitucion
_x Argentina
_2LEMB
942 _cLB
_2cdu
945 _aCatalis
_d2010-08-19
999 _c607
_d231111